00781nam a2200241 a 4500001001300000003000900013005001700022008004100039020002300080082001800103100002400121245007000145260004300215300000900258500003500267505002400302650003800326700002400364902000800388942000700396952011900403999001700522nice12345678IN_TiNIC20260116014022.0120809s2012 lona grp 000 0 eng  a9780415523103c99500a320.0954bKAN aKannabiran, Kalpana aTools of Justiceb Non-Discrimination and the Indian Constitution aLondon bRoutledge Chapman Hall c2012 a505p aincludes index and biblioraphy2 aBibliography, Index aJustice-Political Situation-India1 aKannabiran, Kalpana bSRS cBK 001040708StackRoom-aHMIbHMId2012-08-09g995.00l0o320.0954 KANp023850r2012-08-09v995.00w2012-08-09yBK c13523d13523